MESSI VS RONALDO (Record no. 12313)
[ view plain ]
| 000 -LEADER | |
|---|---|
| fixed length control field | 00256nam a22000977a 4500 |
| 008 - FIXED-LENGTH DATA ELEMENTS--GENERAL INFORMATION | |
| fixed length control field | 230607b |||||||| |||| 00| 0 eng d |
| 020 ## - INTERNATIONAL STANDARD BOOK NUMBER | |
| International Standard Book Number | 9780063316614 |
| 100 ## - MAIN ENTRY--PERSONAL NAME | |
| Personal name | ROBINSON JOSHUA |
| 9 (RLIN) | 7681 |
| 245 ## - TITLE STATEMENT | |
| Title | MESSI VS RONALDO |
| 260 ## - PUBLICATION, DISTRIBUTION, ETC. (IMPRINT) | |
| Place of publication, distribution, etc. | NEW DELHI |
| Name of publisher, distributor, etc. | MARINER BOOKS |
| Date of publication, distribution, etc. | 2022 |
| Withdrawn status | Lost status | Source of classification or shelving scheme | Damaged status | Koha normalized classification for sorting | Not for loan | Home library | Current library | Shelving location | Date acquired | Total Checkouts | Full call number | Barcode | Date last seen | Date last checked out | Price effective from | Koha item type |
|---|---|---|---|---|---|---|---|---|---|---|---|---|---|---|---|---|
| Dewey Decimal Classification | ROB_920_000000000000000 | Good Samaritan School Library | Good Samaritan School Library | Sports & Games | 06/07/2023 | 5 | ROB920 | ROB17603 | 12/05/2024 | 11/11/2024 | 06/07/2023 | BOOK |